Catalog

Record Details

Catalog Search



Froggy goes to camp  Cover Image Book Book

Froggy goes to camp / by Jonathan London ; illustrated by Frank Remkiewicz.

London, Jonathan, 1947- (Author). Remkiewicz, Frank. (Added Author).

Summary:

Froggy goes to a sleep-away camp, where all of his fun seems to cause trouble for the camp's director.

Record details

  • ISBN: 9780142416044
  • ISBN: 0142416045
  • Physical Description: 1 v. (unpaged) : color illustrations ; 18 x 23 cm.
  • Publisher: New York : Puffin Books, 2010, c2008.

Content descriptions

General Note:
Originally published: New York : Viking, 2008.
Subject: Frogs > Fiction.
Animals > Fiction.
Camps > Fiction.
Summer camps > Fiction.

LDR 01086cam a2200301Ia 4500
001133086
003CONS
00520140703073307.0
008110113t20102008nyua j 000 1 eng d
020 . ‡a9780142416044
020 . ‡a0142416045
035 . ‡a(CPomAG)LMN504963
05014. ‡aPZ7.L8432 ‡bFrd 2010
08204. ‡a[E] ‡222
08214. ‡a[E] ‡214
1001 . ‡aLondon, Jonathan, ‡d1947-
24510. ‡aFroggy goes to camp / ‡cby Jonathan London ; illustrated by Frank Remkiewicz.
260 . ‡aNew York : ‡bPuffin Books, ‡c2010, c2008.
300 . ‡a1 v. (unpaged) : ‡bcolor illustrations ; ‡c18 x 23 cm.
500 . ‡aOriginally published: New York : Viking, 2008.
520 . ‡aFroggy goes to a sleep-away camp, where all of his fun seems to cause trouble for the camp's director.
650 1. ‡aFrogs ‡vFiction.
650 1. ‡aAnimals ‡vFiction.
650 1. ‡aCamps ‡vFiction.
650 1. ‡aSummer camps ‡vFiction.
7001 . ‡aRemkiewicz, Frank.
959 . ‡i32269000872724 ‡lE Lon ‡aJuvenile - Easy ‡tEasy ‡g17.50
852 . ‡p32269000872724 ‡jE Lon ‡gJuvenile - Easy ‡cEasy ‡y17.50 ‡bSBPL
901 . ‡a133086 ‡bUnknown ‡c133086 ‡tbiblio

Additional Resources